Music Quiz

Random Music or Song Quiz

Guess The Song Quiz Stats

 Plays Quiz not verified by Sporcle

Challenge
Share
Tweet
Embed
Score 0/77 Timer 08:00
0 Plays Today
% Correct
and
100%
a
100%
and
100%
a
100%
You
95.8%
we
95.8%
you
95.8%
you
95.8%
you
95.8%
you
95.8%
you
95.8%
is
87.5%
love
83.3%
love
83.3%
be
79.2%
to
79.2%
be
79.2%
be
79.2%
to
79.2%
be
79.2%
be
79.2%
where
70.8%
there
70.8%
there
70.8%
there
70.8%
there
70.8%
there
70.8%
I'll
66.7%
I'll
66.7%
I'll
66.7%
I'll
66.7%
I'll
66.7%
I'll
66.7%
I'll
66.7%
your
66.7%
I'll
66.7%
do
62.5%
in
58.3%
I
54.2%
% Correct
make
54.2%
my
54.2%
my
54.2%
my
54.2%
so
54.2%
that
54.2%
I
54.2%
have
50%
of
50%
on
50%
I'm
45.8%
must
41.7%
pact
41.7%
must
41.7%
salvation
41.7%
back
41.7%
Just
41.7%
with
41.7%
bring
37.5%
out
37.5%
all
37.5%
call
37.5%
name
37.5%
comfort
29.2%
that's
29.2%
hand
25%
reach
20.8%
world
20.8%
strong
20.8%
dreams
16.7%
around
16.7%
found
16.7%
faith
12.5%
glad
12.5%
holding
12.5%
Build
8.3%
strength
8.3%
keep
8.3%

You're not logged in!

Compare scores with friends on all Sporcle quizzes.
Join for Free
OR
Log In

You Might Also Like...

Show Comments

Extras

Created Jun 16, 2011ReportNominate
Tags:Song Quiz

Top Quizzes Today


Score Distribution

Your Account Isn't Verified!

In order to create a playlist on Sporcle, you need to verify the email address you used during registration. Go to your Sporcle Settings to finish the process.

Report this User

Report this user for behavior that violates our Community Guidelines.

Details: